[Event "Regionalliga NW 0405"]
[Site "Bayern"]
[Date "2005.01.30"]
[Round "6.4"]
[White "Plakidine, Alexej"]
[Black "Reer, Erdmann"]
[Result "1-0"]
[WhiteElo "1956"]
[BlackElo "1937"]
[PlyCount "87"]
[EventDate "2004.10.24"]
[EventType "team-tourn"]
[EventRounds "9"]
[EventCountry "GER"]
[SourceTitle "EXT 2007"]
[Source "ChessBase"]
[SourceDate "2006.11.23"]
[SourceVersion "1"]
[SourceVersionDate "2006.11.23"]
[SourceQuality "1"]
[WhiteTeam "Hof"]
[BlackTeam "Coburg"]
[WhiteTeamCountry "GER"]
[BlackTeamCountry "GER"]

1. d4 d5 2. Nf3 Nf6 3. Bg5 c6 4. Nbd2 h6 5. Bf4 Bf5 6. e3 e6 7. c4 Bd6 8. Bxd6 Qxd6 9. c5 Qc7 10. Ne5 Nbd7 11. f4 Nxe5 12. fxe5 Ne4 13. Be2 Qa5 14. a3 Qxd2+ 15. Qxd2 Nxd2 16. Kxd2 Be4 17. Bh5 g6 18. Bf3 Bxf3 19. gxf3 0-0 20. b4 a6 21. a4 Rfd8 22. Rhb1 Kf8 23. f4 Ke7 24. h4 h5 25. b5 axb5 26. axb5 cxb5 27. Rxa8 Rxa8 28. Rxb5 Ra7 29. Ke2 Kd7 30. Kf3 Kc7 31. f5 gxf5 32. Kf4 Ra1 33. Kg5 Ra3 34. Kxh5 Rxe3 35. Kg5 Rg3+ 36. Kf6 Rh3 37. Kxf7 Rxh4 38. Kxe6 f4 39. Kxd5 f3 40. Rb2 Rf4 41. Rf2 Kd7 42. e6+ Ke7 43. Ke5 Rf6 44. d5 1-0

[Event "Regionalliga NW 0304"]
[Site "Bayern"]
[Date "2004.04.25"]
[Round "9.5"]
[White "Plakidine, Alexej"]
[Black "Link, Klaus"]
[Result "1/2-1/2"]
[WhiteElo "1917"]
[BlackElo "1976"]
[PlyCount "69"]
[EventDate "2003.10.12"]
[EventType "team-tourn"]
[EventRounds "9"]
[EventCountry "GER"]
[SourceTitle "EXT 2006"]
[Source "ChessBase"]
[SourceDate "2005.11.24"]
[SourceVersion "1"]
[SourceVersionDate "2005.11.24"]
[SourceQuality "1"]
[WhiteTeam "Hof"]
[BlackTeam "Klingenberg"]
[WhiteTeamCountry "GER"]
[BlackTeamCountry "GER"]

1. d4 Nf6 2. Bg5 d5 3. Nf3 c6 4. Nbd2 h6 5. Bf4 Bf5 6. e3 e6 7. Be2 Be7 8. Ne5 Nbd7 9. g4 Be4 10. Nxe4 Nxe4 11. Bd3 Nxe5 12. Bxe5 Bf6 13. Bxe4 Bxe5 14. dxe5 dxe4 15. Qd4 Qxd4 16. exd4 0-0-0 17. Rd1 c5 18. c3 cxd4 19. cxd4 Rd5 20. Ke2 f6 21. exf6 gxf6 22. Ke3 Rg8 23. Rhg1 Rdg5 24. Kxe4 Rxg4+ 25. Rxg4 Rxg4+ 26. Kf3 Rh4 27. Kg3 Re4 28. Rd2 Kc7 29. f3 Re1 30. Kg4 Rf1 31. h4 Kd6 32. b3 Rh1 33. Kh5 Kd5 34. Re2 Rh3 35. Kg4 1/2-1/2

[Event "Regionalliga NW 0304"]
[Site "Bayern"]
[Date "2004.03.07"]
[Round "7.6"]
[White "Plakidine, Alexej"]
[Black "Neuberg, Hans Gerhard"]
[Result "0-1"]
[WhiteElo "1917"]
[BlackElo "1946"]
[PlyCount "76"]
[EventDate "2003.10.12"]
[EventType "team-tourn"]
[EventRounds "9"]
[EventCountry "GER"]
[SourceTitle "EXT 2006"]
[Source "ChessBase"]
[SourceDate "2005.11.24"]
[SourceVersion "1"]
[SourceVersionDate "2005.11.24"]
[SourceQuality "1"]
[WhiteTeam "Hof"]
[BlackTeam "Kronach"]
[WhiteTeamCountry "GER"]
[BlackTeamCountry "GER"]

1. d4 g6 2. e4 Bg7 3. f4 c5 4. d5 d6 5. c4 Bd7 6. Nc3 Na6 7. Nf3 Nc7 8. Bd3 a6 9. Qe2 Rb8 10. a4 Bg4 11. 0-0 Nf6 12. h3 Bxf3 13. Rxf3 0-0 14. Bd2 e6 15. g4 exd5 16. exd5 b5 17. axb5 axb5 18. cxb5 Nfxd5 19. Re1 Nb4 20. Bb1 d5 21. f5 Re8 22. Qf1 Rxe1 23. Bxe1 Qe8 24. f6 Bh6 25. Bg3 Rb7 26. b6 Ne6 27. Qe1 Rxb6 28. Bf4 Bxf4 29. Rxf4 Qa8 30. Rf5 gxf5 31. gxf5 Kh8 32. fxe6 Rxe6 33. Qh4 Qg8+ 34. Kf2 c4 35. Ne2 Nd3+ 36. Bxd3 cxd3 37. Nf4 Re4 38. Qh6 d2 0-1

[Event "Regionalliga NW 0203"]
[Site "Bayern"]
[Date "2003.03.09"]
[Round "8.6"]
[White "Plakidine, Alexej"]
[Black "Full, Joachim"]
[Result "1/2-1/2"]
[WhiteElo "1871"]
[BlackElo "2015"]
[PlyCount "87"]
[EventDate "2002.10.20"]
[EventType "team-tourn"]
[EventRounds "9"]
[EventCountry "GER"]
[SourceTitle "EXT 2004"]
[Source "ChessBase"]
[SourceDate "2003.11.25"]
[SourceVersion "1"]
[SourceVersionDate "2003.11.25"]
[SourceQuality "1"]
[WhiteTeam "Hof"]
[BlackTeam "Schweinfurt"]
[WhiteTeamCountry "GER"]
[BlackTeamCountry "GER"]

1. d4 Nf6 2. Bg5 g6 3. Nf3 Bg7 4. Nbd2 h6 5. Bh4 d6 6. e4 0-0 7. Bd3 Nh5 8. Bg3 Bg4 9. c3 Nd7 10. 0-0 e5 11. h3 Nxg3 12. fxg3 Bxf3 13. Nxf3 c6 14. Qb3 Rb8 15. Nh4 Qg5 16. Bc4 Bf6 17. Kh2 exd4 18. cxd4 Kg7 19. Nf3 Qa5 20. Rae1 Qb6 21. Qd3 Qc7 22. Rf2 Rbe8 23. Ref1 Re7 24. Kh1 c5 25. Rc2 Qb6 26. Bb5 cxd4 27. Bxd7 Rxd7 28. Rd1 Re8 29. Nxd4 Bxd4 30. Qxd4+ Qxd4 31. Rxd4 Rde7 32. Rxd6 Rxe4 33. Rd7 Re1+ 34. Kh2 R1e7 35. Rcc7 Rxd7 36. Rxd7 Rb8 37. g4 g5 38. Kg3 Kg6 39. Kf3 Kf6 40. Rd6+ Kg7 41. a4 Rc8 42. Rd3 Rc4 43. b3 Rc2 44. Re3 1/2-1/2